Singaporean Cultural Symbols - Statistics

General Stats
  • This quiz has been taken 60 times
  • The average score is 13 of 18
Answer Stats
Hint Answer % Correct
Mythical creature with the head of a lion and the body of a fish Merlion
96%
The Singaporean railway system, comprising of 9 lines MRT
86%
The world famous Singaporean airport, known for its cleanliness and its indoor waterfall Changi Airport
84%
A famous hotel made up of three towers with a boat shaped sky deck at the top Marina Bay Sands
84%
Cheap, open air food courts Hawker Centre
82%
Known as 'The Benevolent Dictator' Lee Kuan Yew
82%
A futuristic garden by Marina Bay, home to the Supertrees Gardens by the Bay
80%
The National animal of Singapore, rumoured to be a tiger instead of this animal Lion
80%
A major Singaporean political party PAP
78%
High rise housing complexes HDB Flat
73%
The National Anthem Majulah Singapura
73%
A giant theatre shaped like a spiky, stinky fruit Esplanade
69%
The National Dish of Singapore Hainanese Chicken Rice
69%
An English based creole incorporating Malay and Chinese Singlish
67%
Said after the National Anthem and Flag Raising National Pledge
65%
National flower of the nation, named after the person who bred it Vanda Miss Joaquim
55%
A public celebration hosted on 9 August National Day Parade
53%
Composer of the Singaporean National Anthem Zubir Said
47%
No matching quizzes found
Score Distribution
Percent of People with Each Score
Percentile by Number Answered
Your Score History
You have not taken this quiz